Teória hier v prepojení s pandémiou Covid-19 diplomová práca
Saved in:
| Main Author: | |
|---|---|
| Corporate Author: | |
| Other Authors: | |
| Format: | Book |
| Language: | Slovak |
| Published: |
Bratislava
2022
|
| Tags: |
No Tags, Be the first to tag this record!
|
MARC
| LEADER | 00000nbm a2200000 4500 | ||
|---|---|---|---|
| 001 | 0284476 | ||
| 005 | 20230123092835.0 | ||
| 041 | 0 | |a slo | |
| 044 | |a SK | ||
| 245 | 1 | 0 | |a Teória hier v prepojení s pandémiou Covid-19 |b diplomová práca |c Martin Hudák ; školiteľ: Zuzana Čičková |
| 264 | 1 | |a Bratislava |c 2022 | |
| 300 | |a 55 s. | ||
| 100 | 1 | |a Hudák, Martin | |
| 700 | 1 | |a Čičková, Zuzana, 1978- | |
| 710 | 2 | |a Fakulta hospodárskej informatiky EU. Katedra operačného výskumu a ekonometrie | |